000
00330nam a22001577a 4500
003
SGT
020
_a
9788178556406
082
_a
616.01
_b
M21B
100
_a
BAVEJA, CP.
245
_a
TB. OF MICROBIOLOGY
250
_a
6TH
260
_a
INDIA
_b
ARYA PUB
_c
2021
300
_a
700
650
_a
MICROBIOLOGY
942
_2
ddc
_c
BK
_0
26
999
_c
20966
_d
20966